Német kritika Pikler lélektanáról

Elmentve itt :
Bibliográfiai részletek
Szerző: Somló Bódog
Adatforrás:Philobibl
Forrásdokumentuma:Huszadik Század
1901., IV.kötet, 480-481.p. p.
Dokumentumtípus: Cikk
Nyelv:magyar
LEADER 00300nab a2200097 c 4500
001 bibDOK00022546
005 20200924121644.6
008 060518s1901 hu hun
100 1 |a Somló Bódog 
245 1 0 |a Német kritika Pikler lélektanáról  |c Somló Bódog 
773 0 |t Huszadik Század  |g 1901., IV.kötet, 480-481.p. p.